Statistiken für Größte Gemeinden Österreichs mit "L"

Klicken Sie hier um das Quiz zu spielen!

Allgemein

  • Dieses Quiz wurde 72 mal gespielt
  • Das Durchschnittsergebnis liegt bei 7 aus 10

Antwortstatistiken

EinwohnerBezirkBundeslandGemeinde% Korrekt
205.726LinzOberösterreichLinz
98%
24.584LeobenSteiermarkLeoben
94%
22.918DornbirnVorarlbergLustenau
90%
28.795Linz-LandOberösterreichLeonding
81%
11.868LienzTirolLienz
75%
12.374LeibnitzSteiermarkLeibnitz
69%
8.240LiezenSteiermarkLiezen
69%
10.281BregenzVorarlbergLauterach
52%
9.841GmundenOberösterreichLaakirchen
42%
8.106KorneuburgNiederösterreichLangenzersdorf
19%

Verteilung der Resultate

Perzentil nach korrekt beantworteten Fragen

Anzahl Personen mit jedem Resultat

Ihre Resultats-Entwicklung

Sie haben dieses Quiz noch nicht gespielt